Hauptstädte aller Länder und Territorien - Statistiken

Allgemein
  • Dieses Quiz wurde 1.888 mal gespielt
  • Das Durchschnittsergebnis liegt bei 158 aus 251
Antwortstatistiken
Land Hauptstadt % Korrekt
Kanada Ottawa
86%
Vereinigte Staaten Washington D.C.
86%
Griechenland Athen
85%
Belgien Brüssel
85%
Mexiko Mexiko-Stadt
85%
Italien Rom
85%
Bulgarien Sofia
85%
Deutschland Berlin
84%
Argentinien Buenos Aires
84%
Irland Dublin
84%
Dänemark Kopenhagen
84%
Norwegen Oslo
84%
Frankreich Paris
84%
Schweiz Bern
83%
Brasilien Brasília
83%
Finnland Helsinki
83%
Portugal Lissabon
83%
Vereinigtes Königreich London
83%
Luxemburg Luxemburg
83%
Spanien Madrid
83%
Tschechien Prag
83%
Schweden Stockholm
83%
Österreich Wien
83%
Niederlande Amsterdam
82%
Ungarn Budapest
82%
Kuba Havanna
82%
Ukraine Kiew
82%
Belarus Minsk
82%
Monaco Monaco
82%
Russland Moskau
82%
Vatikanstadt Vatikanstadt
82%
Polen Warschau
82%
Rumänien Bukarest
81%
China Peking
81%
San Marino San Marino
81%
Albanien Tirana
81%
Japan Tokio
81%
Kroatien Zagreb
81%
Jamaika | Norfolkinsel Kingston
80%
Bolivien La Paz oder Sucre
80%
Lettland Riga
80%
Chile Santiago
80%
Bosnien und Herzegowina Sarajevo
80%
Südkorea Seoul
80%
Peru Lima
79%
Panama Panama-Stadt
79%
Kosovo Priština
79%
Island Reykjavík
79%
Estland Tallinn
79%
Liechtenstein Vaduz
79%
Litauen Vilnius
79%
Andorra Andorra la Vella
78%
Türkei Ankara
78%
Aserbaidschan Baku
78%
Serbien Belgrad
78%
Israel Jerusalem
78%
Afghanistan Kabul
78%
Ägypten Kairo
78%
Bahamas Nassau
78%
Indonesien Nusantara (ehemals Jakarta)
78%
Südafrika Pretoria, Kapstadt oder Bloemfontein
78%
El Salvador San Salvador
78%
Singapur Singapur
78%
Iran Teheran
78%
Malta Valletta
78%
Vereinigte Arabische Emirate Abu Dhabi
77%
Irak Bagdad
77%
Thailand Bangkok
77%
Kolumbien Bogotá
77%
Slowakei Bratislava
77%
Guatemala Guatemala- Stadt
77%
Indien Neu-Delhi
77%
Venezuela Caracas
76%
Vietnam Hanoi
76%
Slowenien Ljubljana
76%
Philippinen Manila
76%
Uruguay Montevideo
76%
Haiti Port-au-Prince
76%
Saudi-Arabien Riad
76%
Costa Rica San José
76%
Algerien Algier
75%
Australien Canberra
75%
Hong Kong Hong Kong
75%
Malaysia Kuala Lumpur
75%
Zypern Nikosia
75%
Montenegro Podgorica
75%
Ecuador Quito
75%
Georgien Tiflis
75%
Moldawien Chișinău
74%
Ascension | Guyana Georgetown
74%
Kaimaninseln George Town
74%
Pakistan Islamabad
74%
Kuwait Kuwait-Stadt
74%
Honduras Tegucigalpa
74%
Mongolei Ulaanbaatar
74%
Kasachstan Astana
73%
Belize Belmopan
73%
Nordmazedonien Skopje
73%
Taiwan Taipeh
73%
Tunesien Tunis
73%
Katar Doha
72%
Armenien Jerewan
72%
Marokko Rabat
72%
Neuseeland Wellington
72%
Äthiopien Addis Abeba
71%
Paraguay Asunción
71%
Libanon Beirut
71%
Syrien Damaskus
71%
Bangladesch Dhaka
71%
Nordkorea Pjöngjang
71%
Trinidad und Tobago Port-of-Spain
71%
Dominikanische Republik Santo Domingo
71%
Nepal Kathmandu
70%
Malediven Malé
70%
Kenia Nairobi
70%
Usbekistan Taschkent
70%
Senegal Dakar
69%
Gibraltar Gibraltar
69%
Angola Luanda
69%
Barbados Bridgetown
68%
Dschibuti Dschibuti
68%
Nigeria Abuja
67%
Ghana Accra
67%
Jordanien Amman
67%
Madagaskar Antananarivo
67%
Sierra Leone Freetown
67%
Kongo (Dem. Rep.) Kinshasa
67%
Nicaragua Managua
67%
Antigua und Barbuda Saint John's
67%
Jemen Sanaa
67%
Libyen Tripolis
67%
Namibia Windhoek
67%
St. Kitts und Nevis Basseterre
66%
Guadeloupe Basse-Terre
66%
Kirgisistan Bischkek
66%
Bahrain Manama
66%
Oman Maskat
66%
Guinea-Bissau Bissau
65%
Osttimor Dili
65%
Tadschikistan Duschanbe
65%
Macau Macau
65%
Grönland Nuuk
65%
Suriname Paramaribo
65%
Grenada Saint George's
65%
Sri Lanka Sri Jayawardenepura Kotte
65%
Kongo (Rep.) Brazzaville
64%
Somalia Mogadischu
64%
Kambodscha Phnom Penh
64%
Dominica Roseau
64%
Togo Lomé
63%
Burkina Faso Ouagadougou
63%
São Tomé und Príncipe São Tomé
63%
Bhutan Thimphu
63%
Seychellen Victoria
63%
Laos Vientiane
63%
Turkmenistan Aşgabat
62%
Mali Bamako
62%
Brunei Bandar Seri Begawan
62%
St. Lucia Castries
62%
Kamerun Jaunde
62%
Südsudan Juba
62%
Uganda Kampala
62%
Sudan Khartum
62%
Gabun Libreville
62%
Papua-Neuguinea Port Moresby
62%
Fidschi Suva
62%
Guinea Conakry
61%
Botswana Gaborone
61%
Ruanda Kigali
61%
Sambia Lusaka
61%
Mosambik Maputo
61%
Niger Niamey
61%
Eritrea Asmara
60%
Gambia Banjul
60%
Simbabwe Harare
60%
St. Vincent und die Grenadinen Kingstown
60%
Malawi Lilongwe
60%
Lesotho Maseru
60%
Eswatini Mbabane
60%
Komoren Moroni
60%
Kap Verde Praia
60%
Elfenbeinküste Yamoussoukro
60%
Nauru Yaren
60%
Zentralafrikanische Republik Bangui
59%
Tansania Dodoma
59%
Äquatorial-Guinea Malabo
59%
Liberia Monrovia
59%
Tschad N'Djamena
59%
Mauritius Port Louis
59%
Benin Porto-Novo oder Cotonou
59%
Tuvalu Funafuti
58%
Burundi Gitega
58%
Myanmar Naypyidaw
58%
Mauretanien Nouakchott
58%
Samoa Apia
56%
Salomonen Honiara
56%
Marshallinseln Majuro
56%
Palau Ngerulmud
56%
Kiribati South Tarawa
56%
Tonga Nukuʻalofa
55%
Mikronesien Palikir
55%
Vanuatu Port Vila
55%
Palästina Ost-Jerusalem oder Ramallah
48%
Nordzypern Nordnikosia
40%
Bermuda Hamilton
39%
Aruba | Sint Eustatius Oranjestad
39%
Saint-Pierre und Miquelon Saint-Pierre
39%
Puerto Rico San Juan
38%
Tristan da Cunha Edinburgh of the Seven Seas
36%
Färöerinseln Tórshavn
36%
Französisch-Guayana Cayenne
35%
Isle of Man Douglas
34%
Martinique Fort-de-France
33%
Saint Helena Jamestown
33%
Transnistrien Tiraspol
32%
Curacao Willemstad
32%
Amerikanische Jungferninseln Charlotte Amalie
29%
Falklandinseln Stanley
28%
Anguilla The Valley
28%
Niue Alofi
26%
Amerikanisch-Samoa Pago Pago
26%
La Réunion Saint-Denis
26%
Jersey Saint Helier
26%
Französisch-Polynesien Papeete
24%
Britische Jungferninseln Road Town
24%
Guernsey Saint Peter Port
24%
Pitcairninseln Adamstown
23%
Westsahara El Aaiun
23%
Svalbard (Spitzbergen) Longyearbyen
23%
Wallis und Futuna Mata-Utu
23%
Abchasien Sochumi
23%
Neukaledonien Nouméa
22%
Montserrat Plymouth oder Brades
22%
Nördliche Marianen Saipan (Capitol Hill)
22%
Saba The Bottom
22%
Kokosinsel West Island
22%
Turks- und Caicosinseln Cockburn Town
21%
Weihnachtsinsel Flying Fish Cove
21%
Guam Hagåtña
21%
Saint Barthélemy Gustavia
19%
Bonaire Kralendijk
19%
Sint Maarten Phillipsburg
19%
Südossetien Zchinwali
19%
Cookinseln Avarua
17%
Sankt Martin Marigot
15%
Mayotte Mamoudzou
14%
Tokelau Fakaofo, Atafu oder Nukunonu
12%
Somaliland Hargeysa
10%
Keine übereinstimmenden Quizze gefunden
Verteilung der Resultate
Anzahl Personen mit jedem Resultat
Perzentil nach korrekt beantworteten Fragen
Ihre Resultats-Entwicklung
Sie haben dieses Quiz noch nicht gespielt